00341pab a2200121 454500008004000000100002100040245010000061260000900161300000900170362000900179650001400188773001700202180718b1987 xxu||||| |||| 00| 0 eng d aHalpern, Manfred aChoosing between ways of life and death and between forms of democracybAnd archetypal analysis c1987 a5-35 aJan. aDemocracy aAlternatives